<?xml version="1.0" encoding="UTF-8"?>
<collection xmlns="http://www.loc.gov/MARC21/slim">
 <record>
  <leader>03555cam a2200745   4500</leader>
  <controlfield tag="001">1019629762</controlfield>
  <controlfield tag="003">DE-627</controlfield>
  <controlfield tag="005">20240215082526.0</controlfield>
  <controlfield tag="007">tu</controlfield>
  <controlfield tag="008">180425s2018    gw |||||      00| ||ger c</controlfield>
  <datafield tag="015" ind1=" " ind2=" ">
   <subfield code="a">18,N17</subfield>
   <subfield code="2">dnb</subfield>
  </datafield>
  <datafield tag="016" ind1="7" ind2=" ">
   <subfield code="a">1156395895</subfield>
   <subfield code="2">DE-101</subfield>
  </datafield>
  <datafield tag="020" ind1=" " ind2=" ">
   <subfield code="a">3942810417</subfield>
   <subfield code="c"> : EUR 16.00 (DE), EUR 16.50 (AT), CHF 20.60 (freier Preis)</subfield>
   <subfield code="9">3-942810-41-7</subfield>
  </datafield>
  <datafield tag="020" ind1=" " ind2=" ">
   <subfield code="a">9783942810418</subfield>
   <subfield code="c"> : EUR 16.00 (DE), EUR 16.50 (AT), CHF 20.60 (freier Preis)</subfield>
   <subfield code="9">978-3-942810-41-8</subfield>
  </datafield>
  <datafield tag="024" ind1="3" ind2=" ">
   <subfield code="a">9783942810418</subfield>
  </datafield>
  <datafield tag="028" ind1="5" ind2="2">
   <subfield code="a">300060</subfield>
  </datafield>
  <datafield tag="035" ind1=" " ind2=" ">
   <subfield code="a">(DE-627)1019629762</subfield>
  </datafield>
  <datafield tag="035" ind1=" " ind2=" ">
   <subfield code="a">(DE-576)510885942</subfield>
  </datafield>
  <datafield tag="035" ind1=" " ind2=" ">
   <subfield code="a">(DE-599)DNB1156395895</subfield>
  </datafield>
  <datafield tag="035" ind1=" " ind2=" ">
   <subfield code="a">(OCoLC)1032349764</subfield>
  </datafield>
  <datafield tag="035" ind1=" " ind2=" ">
   <subfield code="a">(OCoLC)1032349764</subfield>
  </datafield>
  <datafield tag="040" ind1=" " ind2=" ">
   <subfield code="a">DE-627</subfield>
   <subfield code="b">ger</subfield>
   <subfield code="c">DE-627</subfield>
   <subfield code="e">rda</subfield>
  </datafield>
  <datafield tag="041" ind1=" " ind2=" ">
   <subfield code="a">ger</subfield>
  </datafield>
  <datafield tag="044" ind1=" " ind2=" ">
   <subfield code="c">XA-DE-NW</subfield>
  </datafield>
  <datafield tag="082" ind1="0" ind2=" ">
   <subfield code="a">759.9493</subfield>
   <subfield code="q">DE-101</subfield>
  </datafield>
  <datafield tag="082" ind1="0" ind2="4">
   <subfield code="a">750</subfield>
   <subfield code="q">DE-101</subfield>
  </datafield>
  <datafield tag="084" ind1=" " ind2=" ">
   <subfield code="a">KUNST</subfield>
   <subfield code="q">DE-16</subfield>
   <subfield code="2">fid</subfield>
  </datafield>
  <datafield tag="084" ind1=" " ind2=" ">
   <subfield code="a">LI 59030</subfield>
   <subfield code="2">rvk</subfield>
   <subfield code="0">(DE-625)rvk/96640:</subfield>
  </datafield>
  <datafield tag="084" ind1=" " ind2=" ">
   <subfield code="a">20.31</subfield>
   <subfield code="2">bkl</subfield>
  </datafield>
  <datafield tag="084" ind1=" " ind2=" ">
   <subfield code="a">21.02</subfield>
   <subfield code="2">bkl</subfield>
  </datafield>
  <datafield tag="100" ind1="1" ind2=" ">
   <subfield code="a">Kuhn, Holger</subfield>
   <subfield code="d">1980-</subfield>
   <subfield code="e">VerfasserIn</subfield>
   <subfield code="0">(DE-588)107932707X</subfield>
   <subfield code="0">(DE-627)842322604</subfield>
   <subfield code="0">(DE-576)452372712</subfield>
   <subfield code="4">aut</subfield>
  </datafield>
  <datafield tag="245" ind1="1" ind2="4">
   <subfield code="a">Die Heilige Sippe und die Mediengeschichte des Triptychons</subfield>
   <subfield code="b">Familie und Bildrhetorik in Quentin Massys’ Annenaltar</subfield>
   <subfield code="c">Holger Kuhn</subfield>
  </datafield>
  <datafield tag="264" ind1=" " ind2="1">
   <subfield code="a">Emsdetten</subfield>
   <subfield code="a">Berlin</subfield>
   <subfield code="b">Edition Imorde</subfield>
   <subfield code="c">2018</subfield>
  </datafield>
  <datafield tag="300" ind1=" " ind2=" ">
   <subfield code="a">158 Seiten</subfield>
   <subfield code="b">Illustrationen</subfield>
   <subfield code="c">20 cm</subfield>
  </datafield>
  <datafield tag="336" ind1=" " ind2=" ">
   <subfield code="a">Text</subfield>
   <subfield code="b">txt</subfield>
   <subfield code="2">rdacontent</subfield>
  </datafield>
  <datafield tag="337" ind1=" " ind2=" ">
   <subfield code="a">ohne Hilfsmittel zu benutzen</subfield>
   <subfield code="b">n</subfield>
   <subfield code="2">rdamedia</subfield>
  </datafield>
  <datafield tag="338" ind1=" " ind2=" ">
   <subfield code="a">Band</subfield>
   <subfield code="b">nc</subfield>
   <subfield code="2">rdacarrier</subfield>
  </datafield>
  <datafield tag="490" ind1="1" ind2=" ">
   <subfield code="a">edition imorde.instants</subfield>
   <subfield code="v">Band 2</subfield>
  </datafield>
  <datafield tag="500" ind1=" " ind2=" ">
   <subfield code="a">Literaturverzeichnis: Seite 153-158</subfield>
  </datafield>
  <datafield tag="583" ind1="1" ind2=" ">
   <subfield code="a">Archivierung/Langzeitarchivierung gewährleistet</subfield>
   <subfield code="f">FID</subfield>
   <subfield code="2">pdager</subfield>
   <subfield code="5">DE-16</subfield>
  </datafield>
  <datafield tag="689" ind1="0" ind2="0">
   <subfield code="d">u</subfield>
   <subfield code="0">(DE-588)116527499X</subfield>
   <subfield code="0">(DE-627)102940142X</subfield>
   <subfield code="0">(DE-576)51035114X</subfield>
   <subfield code="a">Massys, Quentin</subfield>
   <subfield code="d">1466-1530</subfield>
   <subfield code="t">Annenaltar</subfield>
   <subfield code="2">gnd</subfield>
  </datafield>
  <datafield tag="689" ind1="0" ind2=" ">
   <subfield code="5">DE-101</subfield>
  </datafield>
  <datafield tag="689" ind1="1" ind2="0">
   <subfield code="d">s</subfield>
   <subfield code="0">(DE-588)4201095-0</subfield>
   <subfield code="0">(DE-627)105168564</subfield>
   <subfield code="0">(DE-576)210139617</subfield>
   <subfield code="a">Sippenbild</subfield>
   <subfield code="2">gnd</subfield>
  </datafield>
  <datafield tag="689" ind1="1" ind2=" ">
   <subfield code="5">DE-101</subfield>
  </datafield>
  <datafield tag="689" ind1="2" ind2="0">
   <subfield code="d">s</subfield>
   <subfield code="0">(DE-588)4186214-4</subfield>
   <subfield code="0">(DE-627)105281190</subfield>
   <subfield code="0">(DE-576)210037601</subfield>
   <subfield code="a">Triptychon</subfield>
   <subfield code="2">gnd</subfield>
  </datafield>
  <datafield tag="689" ind1="2" ind2=" ">
   <subfield code="5">(DE-627)</subfield>
  </datafield>
  <datafield tag="689" ind1="3" ind2="0">
   <subfield code="d">u</subfield>
   <subfield code="0">(DE-588)116527499X</subfield>
   <subfield code="0">(DE-627)102940142X</subfield>
   <subfield code="0">(DE-576)51035114X</subfield>
   <subfield code="a">Massys, Quentin</subfield>
   <subfield code="d">1466-1530</subfield>
   <subfield code="t">Annenaltar</subfield>
   <subfield code="2">gnd</subfield>
  </datafield>
  <datafield tag="689" ind1="3" ind2=" ">
   <subfield code="5">(DE-627)</subfield>
  </datafield>
  <datafield tag="700" ind1="1" ind2=" ">
   <subfield code="a">Massys, Quentin</subfield>
   <subfield code="d">1466-1530</subfield>
   <subfield code="e">KünstlerIn</subfield>
   <subfield code="0">(DE-588)118731610</subfield>
   <subfield code="0">(DE-627)079512623</subfield>
   <subfield code="0">(DE-576)209362677</subfield>
   <subfield code="4">art</subfield>
  </datafield>
  <datafield tag="710" ind1="2" ind2=" ">
   <subfield code="a">Edition Imorde</subfield>
   <subfield code="e">Verlag</subfield>
   <subfield code="0">(DE-588)1064127967</subfield>
   <subfield code="0">(DE-627)813484766</subfield>
   <subfield code="0">(DE-576)423693417</subfield>
   <subfield code="4">pbl</subfield>
  </datafield>
  <datafield tag="787" ind1="0" ind2="8">
   <subfield code="i">Rezensiert in</subfield>
   <subfield code="a">Borgers, Kathrin</subfield>
   <subfield code="t">[Rezension von: Holger Kuhn, Die Heilige Sippe und die Mediengeschichte des Triptychons. Familie und Bildrhetorik in Quentin Massys' Annenaltar]</subfield>
   <subfield code="d">2020</subfield>
   <subfield code="w">(DE-627)1838884475</subfield>
  </datafield>
  <datafield tag="830" ind1=" " ind2="0">
   <subfield code="a">edition imorde.instants</subfield>
   <subfield code="v">Band 2</subfield>
   <subfield code="9">2</subfield>
   <subfield code="w">(DE-627)86285394X</subfield>
   <subfield code="w">(DE-576)473778653</subfield>
   <subfield code="w">(DE-600)2861355-7</subfield>
   <subfield code="7">ns</subfield>
  </datafield>
  <datafield tag="856" ind1="4" ind2="2">
   <subfield code="u">http://www.gbv.de/dms/weimar/toc/1019629762_toc.pdf</subfield>
   <subfield code="m">DE-601</subfield>
   <subfield code="q">application/pdf</subfield>
   <subfield code="3">Inhaltsverzeichnis</subfield>
  </datafield>
  <datafield tag="856" ind1="4" ind2="2">
   <subfield code="u">https://swbplus.bsz-bw.de/bsz1019629762rez.htm</subfield>
   <subfield code="m">V:DE-576;B:DE-16</subfield>
   <subfield code="q">application/pdf</subfield>
   <subfield code="v">20210525193243</subfield>
   <subfield code="3">Rezension</subfield>
  </datafield>
  <datafield tag="935" ind1=" " ind2=" ">
   <subfield code="h">SWB</subfield>
   <subfield code="i">4170rda</subfield>
  </datafield>
  <datafield tag="936" ind1="r" ind2="v">
   <subfield code="a">LI 59030</subfield>
   <subfield code="b">Metsys, Quentin</subfield>
   <subfield code="k">Kunstgeschichte</subfield>
   <subfield code="k">Künstler-Monografien</subfield>
   <subfield code="k">Alphabetische Künstlerliste</subfield>
   <subfield code="k">Künstler M</subfield>
   <subfield code="k">Metsys, Quentin</subfield>
   <subfield code="0">(DE-627)1271136104</subfield>
   <subfield code="0">(DE-625)rvk/96640:</subfield>
   <subfield code="0">(DE-576)201136104</subfield>
  </datafield>
  <datafield tag="936" ind1="b" ind2="k">
   <subfield code="a">20.31</subfield>
   <subfield code="j">Bildende Künstler</subfield>
   <subfield code="0">(DE-627)181571080</subfield>
  </datafield>
  <datafield tag="936" ind1="b" ind2="k">
   <subfield code="a">21.02</subfield>
   <subfield code="j">Geschichte der Malerei</subfield>
   <subfield code="0">(DE-627)106406698</subfield>
  </datafield>
  <datafield tag="951" ind1=" " ind2=" ">
   <subfield code="a">BO</subfield>
  </datafield>
  <datafield tag="990" ind1=" " ind2=" ">
   <subfield code="a">Massys, Quentin / Annenaltar</subfield>
  </datafield>
  <datafield tag="990" ind1=" " ind2=" ">
   <subfield code="a">Sippenbild</subfield>
  </datafield>
  <datafield tag="990" ind1=" " ind2=" ">
   <subfield code="a">Triptychon</subfield>
  </datafield>
  <datafield tag="990" ind1=" " ind2=" ">
   <subfield code="a">Massys, Quentin / Annenaltar</subfield>
  </datafield>
  <datafield tag="991" ind1=" " ind2=" ">
   <subfield code="a">Rezensiertes Werk</subfield>
  </datafield>
  <datafield tag="999" ind1=" " ind2=" ">
   <subfield code="a">KXP-PPN1019629762</subfield>
   <subfield code="e">4290864562</subfield>
  </datafield>
 </record>
</collection>
